Zahlen in 10 Sprachen - Statistiken

Allgemein
  • Dieses Quiz wurde 920 mal gespielt
  • Das Durchschnittsergebnis liegt bei 102 aus 400
Antwortstatistiken
Hint Antwort % Korrekt
1 eins
92%
0 nul
91%
3 drei
88%
4 vier
88%
2 zwei
88%
8 acht
87%
1/4 ein viertel
87%
5 fünf
87%
-1 minus eins
87%
6 sechs
87%
7 sieben
87%
1/3 ein drittel
86%
9 neun
86%
10 zehn
86%
13 dreizehn
84%
11 elf
84%
0 null
84%
10 on
84%
12 zwölf
84%
14 vierzehn
83%
1/2 ein halb
82%
15 fünfzehn
82%
17 siebzehn
82%
20 zwanzig
82%
18 achtzehn
81%
19 neunzehn
81%
21 einundzwanzig
80%
five
80%
four
80%
1 000 mil
80%
| 1 000 000 million
80%
16 sechzehn
80%
| 6 six
80%
two
80%
| 0 zero
80%
0 zéro
80%
| 1 000 000 000 000 billion
79%
100 hundert
79%
one
79%
seven
79%
1 000 tausend
79%
three
79%
80 achtzig
78%
50 fünfzig
78%
90 neunzig
78%
60 sechzig
78%
70 siebzig
78%
40 vierzig
78%
eight
77%
eleven
77%
1 000 000 000 milliard
77%
nine
77%
ten
77%
1 un
77%
200 zweihundert
77%
a half
75%
1 000 000 000 milliarde
75%
30 dreißig
74%
3 tre
74%
fourty
73%
sixty
72%
eighty
71%
fourteen
71%
ninety
71%
seventy
71%
sixteen
71%
thirteen
71%
thirty
71%
twelve
71%
eighteen
70%
nineteen
70%
seventeen
70%
twenty
70%
fifty
69%
twenty-one
69%
minus one
68%
fifteen
67%
hundred
65%
1 uno
65%
1 uno
65%
two hundred
64%
trillion
62%
1 000 000 000 000 000 billiarde
61%
6 sei
59%
3 tres
58%
a quarter
57%
5 cinq
57%
a third
56%
2 dos
56%
thousand
56%
2 deux
53%
7 sept
53%
3 trois
53%
9 neuf
52%
4 quatre
52%
4 quattro
50%
10 dix
47%
8 huit
47%
3 trēs
41%
2 due
39%
20 vingt
39%
18 dix-huit
38%
19 dix-neuf
37%
12 douze
37%
9 nueve
37%
17 dix-sept
36%
1 000 mille
36%
11 onze
36%
8 ocho
35%
14 quatorze
35%
7 sette
35%
100 cent
34%
16 seize
34%
13 treize
34%
21 vingt-et-un
34%
9 nove
33%
5 cinco
32%
6 seis
32%
11 once
31%
80 quatre-vingt
31%
7 siete
30%
4 cuatro
29%
200 deux cent
29%
90 quatre-vingt-dix
29%
30 trente
29%
5 cinque
28%
10 diez
27%
50 cinquante
26%
8 otto
26%
40 quarante
26%
15 quinze
26%
1 000 mīlle
25%
quadrillion
24%
10 dieci
23%
60 soixante
21%
1 een
20%
6 sex
20%
70 soixante-dix
20%
15 quince
19%
12 doce
17%
3 drie
17%
13 trece
17%
20 veinte
16%
6 sex
15%
0 cero
14%
2 duo
14%
2 twee
14%
11 undici
14%
12 dodici
13%
13 tredici
13%
1 bir
11%
14 catorce
11%
100 cien
11%
40 cuarenta
11%
14 quattordici
11%
1/4 un quart
11%
20 venti
11%
30 trenta
10%
3 üç
10%
4 dört
9%
2 iki
9%
90 noventa
9%
80 ochenta
9%
15 quindici
9%
21 veintiuno
9%
50 cincuenta
8%
19 diecinueve
8%
18 dieciocho
8%
16 dieciséis
8%
17 diecisiete
8%
40 quaranta
8%
16 sedici
8%
60 sesenta
8%
70 setenta
8%
10 tien
8%
30 treinta
8%
21 ventuno
8%
5 beş
7%
50 cinquanta
7%
-1 moins un
7%
9 negen
7%
90 novanta
7%
80 ottanta
7%
70 settanta
7%
6 zes
7%
7 zeven
7%
1 000 000 000 000 000 billard
6%
18 diciotto
6%
5 fem
6%
-1 menos uno
6%
60 sessanta
6%
1 ūnus
6%
5 vijf
6%
6 altı
5%
13 dertien
5%
19 diciannove
5%
17 diciassette
5%
9 dokuz
5%
200 doscientos
5%
1 ett
5%
9 nio
5%
9 novem
5%
8 octō
5%
15 on beş
5%
11 on bir
5%
14 on dört
5%
12 on iki
5%
13 on üç
5%
8 sekiz
5%
7 septem
5%
10 tio
5%
12 twaalf
5%
20 twintig
5%
1/4 un cuarto
5%
7 yedi
5%
100 centum
4%
10 decem
4%
16 on altı
4%
19 on dokuz
4%
18 on sekiz
4%
17 on yedi
4%
4 quattuor
4%
16 zestien
4%
17 zeventien
4%
2 два
3%
18 achttien
3%
60 altmış
3%
1 000 bin
3%
30 dertig
3%
200 duecento
3%
12 duodecim
3%
15 femton
3%
4 fyra
3%
19 negentien
3%
90 negentig
3%
19 nitton
3%
0 noll
3%
5 quīnque
3%
16 sexton
3%
0 sıfır
3%
7 sju
3%
17 sjutton
3%
12 tolv
3%
2 två
3%
20 | 21 vīgintī
3%
15 vijftien
3%
1 один
2%
3 три
2%
4 четыре
2%
5 пять
2%
6 шесть
2%
7 семь
2%
8 восемь
2%
9 девять
2%
10 десять
2%
11 одиннадцать
2%
12 двенадцать
2%
100 сто
2%
18 arton
2%
8 åtta
2%
80 åttio
2%
1 000 000 000 000 000 biljard
2%
1 000 000 000 000 biljoen
2%
1 000 000 000 000 biljon
2%
1/4 çeyrek
2%
90 doksan
2%
18 duodēvīgintī
2%
21 eenentwintig
2%
-1 eksi bir
2%
50 elli
2%
11 elva
2%
50 femtio
2%
14 fjorton
2%
40 fyrtio
2%
100 honderd
2%
100 hundra
2%
200 iki yüz
2%
40 kırk
2%
-1 meno uno
2%
1 000 000 000 miliardi
2%
1 000 000 milioni
2%
1 000 000 000 miljard
2%
1 000 000 miljoen
2%
1 000 000 miljon
2%
1 000 000 000 mil millones
2%
1 000 000 000 milyar
2%
1 000 000 milyon
2%
90 nittio
2%
80 octōgintā
2%
30 otuz
2%
40 quadrāgintā
2%
14 quattuordecim
2%
15 quīndecim
2%
50 quīnquāgintā
2%
16 sēdecim
2%
80 seksen
2%
70 septuāgintā
2%
60 sexāgintā
2%
60 sextio
2%
70 sjuttio
2%
80 tachtig
2%
20 tjugo
2%
21 tjugoett
2%
13 trēdecim
2%
30 trettio
2%
13 tretton
2%
30 trīgintā
2%
1 000 tusen
2%
200 två hundra
2%
200 tweehonderd
2%
1 000 000 000 000 un billón
2%
11 undecim
2%
19 undēvīgintī
2%
1/2 un medio
2%
1 000 000 un millón
2%
1/2 un moitié
2%
1/4 un quarto
2%
1/3 un tercio
2%
1/3 un terzo
2%
1/3 un tiers
2%
14 veertien
2%
40 veertig
2%
50 vijftig
2%
1/2 yarım
2%
70 yetmiş
2%
20 yirmi
2%
21 yirmi bir
2%
100 yüz
2%
60 zestig
2%
70 zeventig
2%
-1 минус один
1%
0 ноль
1%
13 тринадцать
1%
14 четырнадцать
1%
15 пятнадцать
1%
16 шестнадцать
1%
17 семнадцать
1%
18 восемнадцать
1%
19 девятнадцать
1%
20 двадцать
1%
21 двадцать один
1%
30 тридцать
1%
40 сорок
1%
50 пятьдесят
1%
60 шестьдесят
1%
70 семьдесят
1%
80 восемьдесят
1%
90 девяносто
1%
200 двести
1%
1 000 тысяча
1%
1 000 000 миллион
1%
1 000 000 000 миллиард
1%
100 centinaio
1%
1 000 duizend
1%
1/2 en halv
1%
1/2 metà
1%
1 000 000 000 000 mille milliards
1%
-1 min een
1%
-1 minus ett
1%
90 nōnāgintā
1%
0 nullum
1%
1 000 000 000 000 trilioni
1%
1 000 000 000 000 trilyon
1%
1/4 одна четверть
0%
1/3 треть
0%
1/2 половина
0%
1 000 000 000 000 биллион
0%
1 000 000 000 000 000 квадриллион
0%
1 000 000 000 000 000 bilardo
0%
1 000 000 000 000 000 biliardo
0%
1 000 000 000 000 000 biljart
0%
1/3 bir üçüncü
0%
10 000 000 centiēs centēna mīlia
0%
1 000 000 deciēs centēna mīlia
0%
1/2 dimidia pars
0%
200 ducentī
0%
1 200 000 duodeciēs centēna mīlia
0%
1/3 een derde
0%
1/2 een halve
0%
1/4 een kwart
0%
1/4 en kvart
0%
1/3 en tredjedel
0%
-1 nullum ūnus
0%
1/4 quattuor pars
0%
17 septendecim
0%
1/3 tertia pars
0%
1 000 000 000 000 000 un billardo
0%
2 000 000 vīciēs centēna mīlia
0%
Keine übereinstimmenden Quizze gefunden
Verteilung der Resultate
Anzahl Personen mit jedem Resultat
Perzentil nach korrekt beantworteten Fragen
Ihre Resultats-Entwicklung
Sie haben dieses Quiz noch nicht gespielt